{"text_format":"3","workbook":"xls","n_sheets":3,"sheets":["汇总表","空调、洗衣机","热水及净水"],"read":"whole","date_system":"1900","formulas":"cached_only"}

{"sheet":"汇总表","index":0,"n_rows":5,"n_cols":5,"rows_kept":5,"merged":[[0,0,0,4],[4,0,4,3]],"flags":["formulas_cached_only"]}
["浏阳长兴城幼儿园电器设备采购项目汇总表"]
["序号","内容","单位","数量","价格（元）"]
[1,"空调、洗衣机","批",1,222480]
[2,"热水及净水系统","批",1,99356]
["总价（元）",{"$nulls":3},321836]

{"sheet":"空调、洗衣机","index":1,"n_rows":7,"n_cols":8,"rows_kept":7,"merged":[[0,0,0,7],[2,0,4,0],[2,1,4,1],[6,0,6,5]],"flags":["formulas_cached_only"]}
["空调、洗衣机设备清单"]
["序号","名称","技术参数","参考图片","单位","数量","单价","总计"]
[1,"空调","1.变频/定频：定频   2.冷暖类型：冷暖   3.匹数：5匹    4.适用面积（m2）：60-80  5.电源规格（PH-V-Hz）：380    6.类型：立柜式  7.能效等级：三级","大5匹","台",16,9640,154240]
[null,null,"1.变频/定频：变频   2.冷暖类型：冷暖   3.匹数：3匹    4.适用面积（m2）：32-48  5.电源规格（PH-V-Hz）：220    6.类型：圆柱式  7.能效等级：三级","大3匹","台",4,6780,27120]
[null,null,"1.变频/定频：变频   2.冷暖类型：冷暖   3.匹数：2匹    4.适用面积（m2）：21-34  5.电源规格（PH-V-Hz）：220    6.类型：圆柱式  7.能效等级：三级","大2匹","台",6,5400,32400]
[2,"洗衣机","\n1.洗涤容量：大于等于 8.0(KG)\n2.能效等级： 一级\n3.洗净比：1.08比值                    4.类型：滚筒                                           \n安装条件：有进水水源、出水通道，客户预先准备完毕                      ","/","台",4,2180,8720]
["合计",{"$nulls":6},222480]

{"sheet":"热水及净水","index":2,"n_rows":37,"n_cols":7,"rows_kept":37,"merged":[[0,0,0,6],[1,0,1,6],[28,0,28,5],[29,1,29,6],[35,1,35,5],[36,0,36,5]],"flags":["formulas_cached_only"]}
["热水及净水系统配置清单"]
["空气源热水材料清单及参数"]
["序号","名称","规格及型号","单位","单价（元）","数量","价格（元）"]
[1,"热泵机组","1、额定功率:≤8.8kw\n2、额定制热量≥38 kw\n3、空气源产品为一级能效 \n","组",15000,1,15000]
[2,"水箱","9吨，内胆304不锈钢","个",5000,1,5000]
[3,"中央控制系统","专用控制","套",1000,1,1000]
[4,"机组循环水泵","满足需求","台",2980,1,2980]
[5,"循环增压水泵","满足需求，高温变频静音","台",3800,1,3800]
[6,"管道","PPR50","根",78,2,156]
[7,"管道","PPR40","根",60,8,480]
[8,"管道","PPR32","根",38,10,380]
[9,"配件","PPR50","项",50,1,50]
[10,"配件","PPR40","项",80,1,80]
[11,"配件","PPR32","项",120,1,120]
[12,"保温","/","根",15,40,600]
[13,"电线及辅材","/","项",600,1,600]
[14,"阀门","/","项",300,1,300]
[15,"不锈钢活接","PPR","项",600,1,600]
[16,"控制箱","/","个",1500,1,1500]
[17,"控制器","/","项",500,1,500]
[18,"浮球","/","个",150,1,150]
[19,"电子阀","/","项",500,1,500]
[20,"防震","/","项",200,1,200]
[21,"PVC橡塑胶带","/","卷",5,50,250]
[22,"水泵防护","/","个",150,3,450]
[23,"运输及吊装","/","项",2500,1,2500]
[24,"基座","/","项",3000,1,3000]
[25,"安装及调试","/","项",3000,1,3000]
["合计：",{"$nulls":5},43196]
[null,"净水器材料清单及参数"]
["序号","名称","型号和规格","单位","数量","单价（元）","价格（元）"]
[1,"净水器","额定功率：24W~96W\n工作电压：CD/24V\n净水出量：75加仑约284升\n控制功能：微电脑控制\n冲洗方式：自动冲洗\n滤芯：6级过滤芯\n","台",24,1680,40320]
[2,"管线机","储水式","台",18,380,6840]
[3,"管线机","即热式","台",6,700,4200]
[4,"安装调试","/","套",24,200,4800]
[5,"合计：",{"$nulls":4},56160]
["总计：",{"$nulls":5},99356]